[Event "Montevideo Duchamp Cup 3rd"]
[Site "Montevideo"]
[Date "2019.02.12"]
[Round "5"]
[White "Soto, Nicolas"]
[Black "Ortiz, Jorge Daniel"]
[Result "1/2-1/2"]
[WhiteElo "1982"]
[BlackElo "1809"]
[PlyCount "58"]
[EventDate "2019.02.09"]
[EventType "swiss"]
[EventRounds "9"]
[EventCountry "URU"]
[SourceTitle "CBM 188 Extra"]
[Source "ChessBase"]
[SourceDate "2019.02.26"]
[SourceVersion "1"]
[SourceVersionDate "2019.02.26"]
[SourceQuality "1"]

1. e4 d6 2. d4 Nf6 3. Nc3 g6 4. Nf3 Bg7 5. Be2 0-0 6. h3 c6 7. a4 a5 8. 0-0 e5 9. dxe5 dxe5 10. Qxd8 Rxd8 11. Bc4 Re8 12. Ng5 Rf8 13. Rd1 Nbd7 14. Be3 h6 15. Nf3 Re8 16. Nd2 b6 17. Nb3 Ba6 18. Bxa6 Rxa6 19. Rd6 Rc8 20. Rad1 Ra7 21. f3 Bf8 22. R6d2 Kg7 23. Ne2 Rb7 24. Ra1 Nb8 25. Rad1 Nbd7 26. g4 Be7 27. Kf2 Nf8 28. Nec1 N6d7 29. Ne2 Nf6 1/2-1/2

[Event "Villa Constitucion op"]
[Site "Villa Constitucion"]
[Date "2018.08.31"]
[Round "1"]
[White "Flores, Diego"]
[Black "Ortiz, Jorge Daniel"]
[Result "1-0"]
[WhiteElo "2621"]
[BlackElo "1785"]
[PlyCount "73"]
[EventDate "2018.08.31"]
[EventType "swiss"]
[EventRounds "6"]
[EventCountry "ARG"]
[SourceTitle "CBM 186 Extra"]
[Source "ChessBase"]
[SourceDate "2018.08.24"]
[SourceVersion "1"]
[SourceVersionDate "2018.08.24"]
[SourceQuality "1"]

1. c4 Nf6 2. Nc3 g6 3. e4 d6 4. d4 Bg7 5. Nf3 a6 6. h3 0-0 7. Be3 e5 8. d5 c5 9. Nd2 Ne8 10. g4 b5 11. cxb5 axb5 12. Bxb5 Ba6 13. a4 Nc7 14. Nc4 Ra7 15. Ra3 Na8 16. h4 h6 17. h5 g5 18. Kf1 Rb7 19. Kg2 Nb6 20. Qe2 Nxc4 21. Qxc4 Qa5 22. Rb1 Rd8 23. b4 cxb4 24. Qxb4 Qxb4 25. Rxb4 Bxb5 26. Rxb5 Rdd7 27. Rab3 Rxb5 28. Rxb5 Rd8 29. a5 Bf8 30. Rb6 Nd7 31. Rb7 Nb8 32. Nb5 Na6 33. Bb6 Ra8 34. Nc7 Rb8 35. Rxb8 Nxb8 36. Ba7 Nd7 37. a6 1-0

[Event "American Continental 14th"]
[Site "Montevideo"]
[Date "2018.06.05"]
[Round "6"]
[White "Ortiz, Jorge Daniel"]
[Black "Torella, Rodolfo"]
[Result "1/2-1/2"]
[WhiteElo "1784"]
[BlackElo "2016"]
[PlyCount "183"]
[EventDate "2018.06.01"]
[EventType "swiss"]
[EventRounds "11"]
[EventCountry "URU"]
[SourceTitle "CBM 184 Extra"]
[Source "ChessBase"]
[SourceDate "2018.06.28"]
[SourceVersion "1"]
[SourceVersionDate "2018.06.28"]
[SourceQuality "1"]

1. e4 d5 2. exd5 Qxd5 3. Nc3 Qa5 4. g3 Nf6 5. Bg2 Bg4 6. Nge2 c6 7. h3 Bf5 8. b4 Qc7 9. Rb1 a6 10. a4 e6 11. 0-0 Nbd7 12. d3 Be7 13. Bf4 Bd6 14. Bxd6 Qxd6 15. b5 axb5 16. axb5 0-0 17. Qd2 Nd5 18. Nd4 Bg6 19. bxc6 bxc6 20. Nxd5 cxd5 21. Nb5 Qc5 22. Rb2 Rab8 23. Rfb1 Rfc8 24. Qe3 Kf8 25. Qxc5+ Rxc5 26. Nd4 Ra8 27. f4 Ra4 28. Nf3 f6 29. Nh4 Bf7 30. Nf3 Ke7 31. Kf2 h6 32. Ne1 g5 33. Rb4 Rca5 34. h4 gxh4 35. gxh4 Kd6 36. Ke3 Bg6 37. R1b2 Kc5 38. Rb7 Kd6 39. R2b4 e5 40. fxe5+ fxe5 41. Bh3 Rxb4 42. Rxb4 Ra1 43. Kd2 Bh5 44. Bxd7 Kxd7 45. Ng2 d4 46. c3 Ra2+ 47. Kc1 Rxg2 48. cxd4 exd4 49. Rxd4+ Ke7 50. Ra4 Bg6 51. Ra7+ Ke6 52. Ra6+ Kd5 53. h5 Bxd3 54. Rxh6 Kd4 55. Rc6 Bc4 56. Kd1 Kc3 57. Ke1 Re2+ 58. Kd1 Re5 59. h6 Re7 60. Rd6 Rf7 61. Kc1 Ra7 62. Rb6 Rf7 63. Rd6 Rf1+ 64. Rd1 Rf6 65. Rd8 Rxh6 66. Rd7 Rh1+ 67. Rd1 Rh2 68. Rd6 Ra2 69. Rb6 Bd3 70. Rc6+ Kd4 71. Rd6+ Kc4 72. Rc6+ Kd5 73. Rc8 Kd4 74. Rd8+ Ke3 75. Re8+ Be4 76. Rd8 Rc2+ 77. Kd1 Rh2 78. Kc1 Rc2+ 79. Kd1 Rc6 80. Rd7 Bc2+ 81. Ke1 Bf5 82. Re7+ Be4 83. Rd7 Rf6 84. Re7 Ra6 85. Rd7 Ra1+ 86. Rd1 Ra2 87. Rd8 Re2+ 88. Kd1 Rb2 89. Ke1 Ra2 90. Rd6 Ra1+ 91. Rd1 Rxd1+ 92. Kxd1 1/2-1/2

[Event "Montevideo Duchamp Cup 2nd"]
[Site "Montevideo"]
[Date "2018.02.07"]
[Round "8"]
[White "Nejanky, Maisa"]
[Black "Ortiz, Jorge Daniel"]
[Result "1-0"]
[WhiteElo "2029"]
[BlackElo "1789"]
[PlyCount "57"]
[EventDate "2018.02.02"]
[EventType "swiss"]
[EventRounds "9"]
[EventCountry "URU"]
[SourceTitle "CBM 182 Extra"]
[Source "ChessBase"]
[SourceDate "2018.02.23"]
[SourceVersion "1"]
[SourceVersionDate "2018.02.23"]
[SourceQuality "1"]

1. e4 e5 2. Nf3 Nc6 3. d4 exd4 4. Nxd4 Qf6 5. Be3 Bc5 6. c3 Nge7 7. Bc4 0-0 8. 0-0 d6 9. Kh1 Ne5 10. Be2 Qg6 11. Nd2 Bg4 12. f4 Bxe2 13. Qxe2 Ng4 14. f5 Qh5 15. h3 Nf6 16. Qe1 Ng4 17. Bg1 Ne5 18. Qg3 Nd7 19. Rf4 g5 20. f6 Ng6 21. Rf5 h6 22. N2f3 Nde5 23. Nxg5 hxg5 24. Rxg5 Qh7 25. Rf1 Kh8 26. Rff5 Nh4 27. Rh5 Neg6 28. Rxh7+ Kxh7 29. Rh5+ 1-0

[Event "ARG-ch sf 92nd"]
[Site "Buenos Aires"]
[Date "2017.07.10"]
[Round "1"]
[White "Ortiz, Jorge Daniel"]
[Black "Coro, Lucas"]
[Result "0-1"]
[WhiteElo "1824"]
[BlackElo "2208"]
[PlyCount "106"]
[EventDate "2017.07.10"]
[EventType "swiss"]
[EventRounds "9"]
[EventCountry "ARG"]
[SourceTitle "EXT 2018"]
[Source "ChessBase"]
[SourceDate "2017.10.13"]
[SourceVersion "1"]
[SourceVersionDate "2017.10.13"]
[SourceQuality "1"]

1. e4 c5 2. Nf3 Nc6 3. c4 e5 4. Nc3 g6 5. Be2 Bg7 6. 0-0 d6 7. d3 Nge7 8. Be3 0-0 9. Nd2 h6 10. f4 exf4 11. Rxf4 Be6 12. Rf1 Nd4 13. Nf3 Nec6 14. Qd2 Kh7 15. Rac1 a6 16. Nd5 f5 17. exf5 Nxf5 18. Nf4 Bf7 19. Bf2 g5 20. g4 Nfd4 21. Nxd4 Nxd4 22. Nd5 Bxd5 23. cxd5 Re8 24. Bxd4 Bxd4+ 25. Kg2 Be3 26. Qc3 Bf4 27. Rce1 Qd7 28. h3 Be5 29. Qc2 Kg7 30. Bf3 Qb5 31. Be4 Qb4 32. b3 Re7 33. Re2 Rae8 34. Ref2 Qd4 35. Rf3 b5 36. Qf2 Qxf2+ 37. R3xf2 Bd4 38. Rc2 a5 39. a3 Ra7 40. a4 bxa4 41. bxa4 Rb8 42. Ra2 Rb3 43. Rc1 Rab7 44. Rcc2 Rb1 45. Kh2 Kf6 46. Re2 Rc1 47. Kg2 Rbb1 48. Kh2 Rg1 49. h4 Be5+ 50. Kh3 Rg3+ 51. Kh2 Rxg4+ 52. Kh3 Rg3+ 53. Kh2 Rbg1 0-1

[Event "American Continental 11th"]
[Site "Montevideo"]
[Date "2015.05.24"]
[Round "11"]
[White "Ortiz, Jorge Daniel"]
[Black "Garcia la Rosa, Lorena Estefania"]
[Result "1-0"]
[WhiteElo "1894"]
[BlackElo "2017"]
[PlyCount "97"]
[EventDate "2015.05.15"]
[EventType "swiss"]
[EventRounds "11"]
[EventCountry "URU"]
[SourceTitle "CBM 167"]
[Source "ChessBase"]
[SourceDate "2015.07.13"]
[SourceVersion "1"]
[SourceVersionDate "2015.07.13"]
[SourceQuality "1"]

1. e4 c5 2. Nf3 Nc6 3. Bb5 Qb6 4. c4 e6 5. 0-0 Nge7 6. Nc3 Ng6 7. Bxc6 bxc6 8. d4 cxd4 9. Nxd4 Ba6 10. b3 Bb4 11. Nce2 0-0 12. Bb2 Rad8 13. Rc1 Bc5 14. Rc2 d5 15. cxd5 cxd5 16. Qc1 Rc8 17. exd5 exd5 18. Qa1 f6 19. Rfc1 Bd3 20. Rxc5 Rxc5 21. Rxc5 Qxc5 22. Ne6 Qc2 23. Nxf8 Kxf8 24. Nd4 Qb1+ 25. Qxb1 Bxb1 26. a4 Ne5 27. Ba3+ Kf7 28. b4 Bd3 29. b5 Nc4 30. Bc5 Nb6 31. a5 Nc8 32. b6 axb6 33. axb6 Ba6 34. Nc6 d4 35. b7 Bxb7 36. Nd8+ Kg6 37. Nxb7 d3 38. Kf1 Kf5 39. Nd6+ Nxd6 40. Bxd6 Ke4 41. Ke1 f5 42. Kd2 g5 43. Be7 g4 44. Bf6 f4 45. Bg7 h5 46. Bf6 Kf5 47. Bd8 Ke4 48. Be7 Kd4 49. f3 1-0